| 000 | 00804nam a2200229 i 4500 | ||
|---|---|---|---|
| 001 | 170140 | ||
| 003 | ES-MaACL | ||
| 005 | 20251015063151.0 | ||
| 008 | 090205s1913 fr |||| | fre d | ||
| 080 | _a821.133.1-14"18" | ||
| 100 | 1 |
_aRichepin, Jean, _d1849-1926 _996950 |
|
| 245 | 1 | 3 |
_aLa chanson des gueux / _cJean Richepin ; illustrations d'après les dessins de Ricardo Florès. |
| 250 | _aEd. il. | ||
| 260 |
_aParis : _bArthème Fayard et Cie, _c1913. |
||
| 300 |
_a126 p. : _bil. ; _c24 cm. |
||
| 490 | 1 |
_aModern-bibliothèque ; _v126 |
|
| 500 | _aÍndice. | ||
| 650 | 0 | 4 |
_aCantares de gesta- _zFrancia. _910749 |
| 830 | 0 |
_aModern-bibliothèque ; _v126 _9222973 |
|
| 852 | 4 |
_aES-MaACL _jE-12416 _9R.140628 _z. - Biblioteca Jacinto Martínez Lacalle |
|
| 999 |
_c170140 _d170140 |
||